000 00731nam a2200241Ia 4500
003 OSt
005 20220925210208.0
006 a|||||r|||| 00| 0
007 ta
008 220923b |||||||| |||| 00| 0 eng d
037 _cGeneral Book
040 _aRTL
_cRTL
_beng
041 _2eng
_aeng
082 _aX:8:(S:44), MO
100 _aCummincs L L
_9272077
245 0 _aIntroduction to organizational behavior
260 _aIllinois
_bRichard D Irwin
_c1980
300 _axiii, 614p.
_ccm.
490 _aIrwin seriec in management and the behavioral sciences
700 _a Dunham Rendell B
_9272078
942 _hX:8:(S:44), MO
_cGB
_2CC
999 _c554387
_d554387